LEADER 01167nam a22002771i 4500 001 991002297359707536 005 20040301111228.0 008 040407s1935 it a||||||||||||||||mul 035 $ab12901222-39ule_inst 035 $aARCHE-088084$9ExL 040 $aDip.to Filologia Class. e Scienze Filosofiche$bita$cA.t.i. Arché s.c.r.l. Pandora Sicilia s.r.l. 041 0 $alatgrc 082 04$a201 100 1 $aArnou, René$0430421 245 10$aDe "Platonismo" Patrum /$ctextus collegit et notis illustravit R. Arnou 260 $aRomae :$bapud aedes Pont. Universitatis Gregorianae,$c1935 300 $a58 p. :$bill. ;$c22 cm 440 0$aTextus et documenta in usum exercitationum et praelectionum academicarum.$pSeries theologica ;$v21 500 $aIn testa al front.: Pontificia Universitas Gregoriana 650 4$aCristianesimo e filosofia 907 $a.b12901222$b02-04-14$c16-04-04 912 $a991002297359707536 945 $aLE007 201 ARN 01 01$g1$i2015000086624$lle007$o-$pE0.00$q-$rl$s- $t0$u0$v0$w0$x0$y.i1346663x$z16-04-04 996 $aDe "Platonismo" Patrum$9306027 997 $aUNISALENTO 998 $ale007$b16-04-04$cm$da $e-$fmul$git $h0$i1 LEADER 03288nam 22005055 450 001 9910682529503321 005 20250628110038.0 010 $a3-658-41224-0 024 7 $a10.1007/978-3-658-41224-1 035 $a(CKB)5590000001034659 035 $a(DE-He213)978-3-658-41224-1 035 $a(NjHacI)995590000001034659 035 $a(MiAaPQ)EBC7233614 035 $a(ODN)ODN0010069067 035 $a(EXLCZ)995590000001034659 100 $a20230331d2023 u| 0 101 0 $ager 135 $aurnn|008mamaa 181 $ctxt$2rdacontent 182 $cc$2rdamedia 183 $acr$2rdacarrier 200 10$aGestresste Eltern $eBelastungsaspekte in unterschiedlichen Entwicklungsphasen der Familie /$fvon Hanna Maly-Motta 205 $a1st ed. 2023. 210 $d2023 210 1$aWiesbaden :$cSpringer Fachmedien Wiesbaden :$cImprint: Springer VS,$d2023. 215 $a1 online resource (XVIII, 323 S. 40 Abb.) 311 08$a3-658-41223-2 327 $aEinführung: Eltern im Stress? -- Theoretischer Zugang und Forschungsstand zu Stress, Belastung und subjektivem Wohlbefinden -- Zielsetzung der Studie und allgemeine Forschungsstrategie -- Teilstudie I: Machen Kinder unglücklich? -- Teilstudie II: Schatz, das Baby schreit! Das Wohlbefinden von Eltern am Übergang zur Elternschaft -- Abschließende Diskussion -- Literaturverzeichnis. 330 $aDieses Open-Access-Buch setzt sich mit der übergeordneten Forschungsfrage auseinander, für welche Dimensionen subjektiven elterlichen Wohlbefindens das Kind eine Rolle spielt. Anhand eines systematischen Gangs durch den bestehenden Theorie- und Forschungsstand zum Verhältnis von kindlichen Anforderungen, erhöhten Anforderungen in der Elternrolle und elterlichem Wohlbefinden kristallisieren sich wesentliche Forschungslücken heraus. Der erste Teil der Arbeit fragt, im Rahmen eines Vergleichs von Eltern und kinderlosen Paaren, kritisch danach, ob Kinder unglücklich machen. Der zweite Teil der Arbeit befasst sich speziell mit dem Übergang zur Elternschaft als einer besonders anforderungsreichen Phase in der Familienentwicklung. Dabei steht im Zentrum der Untersuchung, wie frischgebackene Eltern mit den neuen, noch unbekannten Betreuungs- und Pflegeanforderungen des Babys umgehen. Kann die Partnerschaft dieser Bewährungsprobe standhalten? Die Autorin Hanna Maly-Motta promovierte an der Ludwig-Maximilians-Universität München im Fach Pädagogik. Ihre Doktorarbeit entstand in enger Verknüpfung mit ihrer Forschungstätigkeit am Deutschen Jugendinstitut in München. Ihre Forschungsschwerpunkte umfassen elterliches und kindliches Wohlbefinden, Bedingungen von Elternschaft sowie Fragen rund um frühkindliche Betreuung, Erziehung und Entwicklung. 606 $aSociology 606 $aSocial groups 606 $aSociology of Family, Youth and Aging 615 0$aSociology. 615 0$aSocial groups. 615 14$aSociology of Family, Youth and Aging. 676 $a305.2 676 $a306.87 686 $aSOC026010$2bisacsh 700 $aMaly-Motta$b Hanna$4aut$4http://id.loc.gov/vocabulary/relators/aut$01354347 801 0$bNjHacI 801 1$bNjHacl 906 $aBOOK 912 $a9910682529503321 996 $aGestresste Eltern$93321124 997 $aUNINA